000 00707nam a2200229Ii 4500
003 JO-AjNU
008 230605s9999||||xx |||||||||||||| ||und||
017 _a1997/5233
020 _a977-01-5188-2
040 _aJO-AjNU
_bara
_erda
_cJO-AjNU
041 _aara
050 1 4 _aBP176.S52 1997
100 3 _aشحاته، عبد الله محمود,
_eauthor
_98491
245 0 0 _aأركان الإسلام
250 _aط4
264 3 1 _aالقاهرة: الهيئة المصرية العامة للكتاب، 1997
300 _a367ص
336 _atext
_btxt
_2rdacontent
337 _aunmediated
_bn
_2rdamedia
338 _avolume
_bnc
_2rdacarrier
650 4 _aالعبادات- فقه اسلامي
_98492
999 _aA816
_c4384
_d4384